[Event "Challenge"]
[Site "http://www.queenalice.com/game.php?id=1475104"]
[Date "2017.4.24"]
[Round "-"]
[White "zugzwangskie"]
[Black "JimMorrisson"]
[Result "1-0"]
[WhiteElo "2378"]
[BlackElo "2402"]

1. e4 c5 2. Nf3 e6 3. d4 cxd4 4. Nxd4 a6 5. Bd3 Nc6 6. Nxc6 bxc6 7. O-O Nf6 8.
e5 Nd5 9. c4 Nb6 10. Qf3 Qc7 11. Bf4 d5 12. exd6 Bxd6 13. c5 Bxf4 14. cxb6 Qd6
15. Rd1 Bb7 16. Be4 Bxh2+ 17. Kh1 Qe5 18. Bxc6+ Bxc6 19. Qxc6+ Ke7 20. Rd7+ Kf6
21. Qf3+ Bf4 22. g3 Qxb2 23. Qxf4+ Kg6 24. Qxf7+ Kh6 25. Qxe6+ g6 26. Qh3+ Kg5
27. Qh4+ 1-0

[Event "Challenge"]
[Site "http://www.queenalice.com/game.php?id=1475107"]
[Date "2017.4.24"]
[Round "-"]
[White "zugzwangskie"]
[Black "StenioVS"]
[Result "0-1"]
[WhiteElo "2420"]
[BlackElo "2265"]

1. e4 e5 2. Nf3 Nc6 3. Bc4 Nf6 4. d3 Bc5 5. a4 O-O 6. O-O h6 7. h3 d6 8. c3 a5
9. Re1 Bb6 10. Nbd2 Qe7 11. Bb5 Be6 12. Nc4 Bc5 13. Be3 Bxe3 14. Nxe3 Na7 15.
Bc4 c5 16. Nh4 g6 17. Qb3 Nc6 18. Nxg6 fxg6 19. Bxe6+ Kg7 0-1

[Event "Challenge"]
[Site "http://www.queenalice.com/game.php?id=1475108"]
[Date "2017.4.24"]
[Round "-"]
[White "zugzwangskie"]
[Black "StenioVS"]
[Result "1-0"]
[WhiteElo "2401"]
[BlackElo "2261"]

1. e4 e5 2. Nf3 Nc6 3. Bc4 Nf6 4. d3 Bc5 5. c3 O-O 6. O-O d5 7. exd5 Nxd5 8. Re1
Nb6 9. Bg5 Be7 10. Bxe7 Qxe7 11. Bb5 f6 12. Bxc6 bxc6 13. d4 e4 14. Nbd2 f5 15.
Ne5 Bb7 16. Nb3 Nd7 17. Nxd7 Qxd7 18. Nc5 Qc8 19. Qb3+ 1-0

[Event "Challenge"]
[Site "http://www.queenalice.com/game.php?id=1475109"]
[Date "2017.4.24"]
[Round "-"]
[White "zugzwangskie"]
[Black "clovis"]
[Result "1-0"]
[WhiteElo "2332"]
[BlackElo "1878"]

1. e4 e5 2. Nf3 Nc6 3. Bc4 Nf6 4. d3 Bc5 5. c3 O-O 6. O-O d6 7. Nbd2 Be6 8. Bxe6
fxe6 9. b4 Bb6 10. Nc4 Qe8 11. a4 Nh5 12. a5 Nf4 13. axb6 Qg6 14. Bxf4 Rxf4 15.
bxc7 Rc8 16. b5 Ne7 17. Nxd6 Rxc7 18. Rxa7 h6 19. b6 Rxc3 20. Rxb7 Nc6 21. Rc7
Nd4 22. Nxe5 Nf3+ 23. Nxf3 1-0

[Event "Challenge"]
[Site "http://www.queenalice.com/game.php?id=1475110"]
[Date "2017.4.24"]
[Round "-"]
[White "zugzwangskie"]
[Black "clovis"]
[Result "0-1"]
[WhiteElo "2324"]
[BlackElo "1967"]

1. e4 e5 2. Nf3 Nc6 3. Bc4 Nf6 4. d3 Bc5 5. O-O O-O 6. c3 d6 7. Nbd2 Be6 8. b4
Bb6 9. a4 a6 10. Bxe6 fxe6 11. h3 Qe8 12. Ba3 Nh5 13. Nc4 Nf4 14. Nxb6 cxb6 15.
g3 Qh5 16. gxf4 Rxf4 17. Kg2 Raf8 18. Nh2 Qh4 19. f3 R8f6 20. Ng4 Rg6 21. b5
axb5 22. axb5 Na5 23. Bxd6 h5 24. Bxe5 Rf7 25. Bg3 Qe7 26. Ne5 Rxg3+ 27. Kxg3
Qg5+ 28. Ng4 hxg4 29. hxg4 e5 30. Kg2 Rd7 31. Qe2 Nb3 32. Rad1 Nc5 0-1

[Event "Challenge"]
[Site "http://www.queenalice.com/game.php?id=1475113"]
[Date "2017.4.24"]
[Round "-"]
[White "zugzwangskie"]
[Black "Harry28"]
[Result "0-1"]
[WhiteElo "2301"]
[BlackElo "2337"]

1. e4 c6 2. d4 d5 3. exd5 cxd5 4. c4 Nc6 5. cxd5 Qxd5 6. Nf3 e6 7. Nc3 Bb4 8. a3
Bxc3+ 9. bxc3 Nf6 10. c4 Qa5+ 11. Bd2 Qd8 12. Bb4 a5 13. Bc3 Ne4 14. Bb2 O-O 15.
Bd3 Nf6 16. O-O b6 17. d5 exd5 18. cxd5 Nxd5 19. Qc2 Bb7 20. Bxh7+ Kh8 21. Be4
Nde7 22. Ng5 Ng6 0-1

[Event "Challenge"]
[Site "http://www.queenalice.com/game.php?id=1475115"]
[Date "2017.4.24"]
[Round "-"]
[White "zugzwangskie"]
[Black "chessprm"]
[Result "1-0"]
[WhiteElo "2281"]
[BlackElo "2235"]

1. e4 e5 2. Nf3 Nc6 3. Bc4 Nf6 4. d3 Bc5 5. c3 O-O 6. a4 a6 7. Nbd2 d5 8. exd5
Nxd5 9. Ne4 Be7 10. O-O Bg4 11. Re1 Re8 12. a5 Qd7 13. h3 Bh5 14. Ng3 Bxf3 15.
Qxf3 Rad8 16. Bd2 Bf8 17. b4 Qc8 18. Bxd5 1-0

[Event "Challenge"]
[Site "http://www.queenalice.com/game.php?id=1475116"]
[Date "2017.4.24"]
[Round "-"]
[White "zugzwangskie"]
[Black "chessprm"]
[Result "1-0"]
[WhiteElo "2333"]
[BlackElo "2223"]

1. e4 c5 2. Nf3 e6 3. d4 cxd4 4. Nxd4 Nf6 5. Nc3 a6 6. e5 Ng8 7. Bf4 Ne7 8. Qd2
Nbc6 9. Ne4 Nd5 10. Nxc6 dxc6 11. Bg3 Bb4 12. c3 Be7 13. Nd6+ Kf8 14. c4 Bxd6
15. exd6 Nf6 16. Bh4 c5 17. Bxf6 gxf6 18. Qh6+ Ke8 19. O-O-O b6 20. Be2 Kd7 21.
Bh5 b5 22. Rhe1 Bb7 23. Bxf7 1-0

[Event "Challenge"]
[Site "http://www.queenalice.com/game.php?id=1475117"]
[Date "2017.4.24"]
[Round "-"]
[White "zugzwangskie"]
[Black "jizaias"]
[Result "1-0"]
[WhiteElo "2406"]
[BlackElo "2377"]

1. e4 c5 2. Nf3 d6 3. d4 cxd4 4. Nxd4 Nf6 5. Nc3 a6 6. Be3 e6 7. f3 Nbd7 8. g4
Be7 9. Qd2 O-O 10. g5 Ne8 11. O-O-O Nc7 12. h4 Ne5 13. Be2 d5 14. h5 Bd7 15. f4
Nc6 16. Nb3 Bb4 17. h6 gxh6 18. a3 Bxc3 19. Qxc3 hxg5 20. Rxh7 d4 21. Nxd4 e5
22. Rdh1 Nxd4 23. Rh8+ Kg7 24. R1h7+ Kg6 25. Bh5+ Kf6 26. fxe5+ 1-0

[Event "Challenge"]
[Site "http://www.queenalice.com/game.php?id=1475118"]
[Date "2017.4.24"]
[Round "-"]
[White "zugzwangskie"]
[Black "jizaias"]
[Result "1-0"]
[WhiteElo "2420"]
[BlackElo "2355"]

1. e4 b6 2. d4 Bb7 3. Bd3 f5 4. exf5 Nf6 5. Nf3 Nc6 6. O-O Nb4 7. Bc4 d5 8. Bb3
Qd7 9. Ne5 Qxf5 10. c3 Nc6 11. Ba4 Qe6 12. Re1 Qd6 13. Bf4 Nd7 14. Qh5+ g6 15.
Qh3 Nf6 16. Bg3 Nh5 17. Nxc6 Nxg3 18. Na5+ c6 19. Nxb7 Qd7 20. Qxg3 Bg7 21. Nd6+
Kf8 22. Qf3+ Bf6 23. Nc4 b5 24. Ne5 Qb7 25. Bc2 Kg7 26. Nd2 1-0

[Event "Challenge"]
[Site "http://www.queenalice.com/game.php?id=1476662"]
[Date "2017.5.4"]
[Round "-"]
[White "zugzwangskie"]
[Black "yamato"]
[Result "0-1"]
[WhiteElo "2211"]
[BlackElo "2082"]

1. e4 d6 2. d4 Nf6 3. Nc3 e5 4. Nf3 Nbd7 5. Bc4 Be7 6. O-O O-O 7. h3 c6 8. a4 a5
9. Re1 h6 10. Be3 Re8 11. dxe5 Nxe5 0-1

[Event "Challenge"]
[Site "http://www.queenalice.com/game.php?id=1476663"]
[Date "2017.5.4"]
[Round "-"]
[White "zugzwangskie"]
[Black "yamato"]
[Result "0-1"]
[WhiteElo "2228"]
[BlackElo "2059"]

1. e4 e6 2. d4 d5 3. Nc3 Nf6 4. Bg5 Bb4 5. exd5 Qxd5 6. Bxf6 gxf6 7. Ne2 Qd8 8.
a3 Be7 9. Qd2 b6 10. O-O-O Bb7 11. d5 f5 0-1

[Event "Challenge"]
[Site "http://www.queenalice.com/game.php?id=1476830"]
[Date "2017.5.5"]
[Round "-"]
[White "zugzwangskie"]
[Black "leduar"]
[Result "0-1"]
[WhiteElo "2400"]
[BlackElo "2274"]

1. e4 e5 2. Nf3 Nc6 3. Bc4 Nf6 4. d3 Be7 5. O-O d6 6. a4 O-O 7. h3 d5 8. exd5
Nxd5 9. Re1 Bf6 10. Nbd2 Be6 0-1

[Event "Challenge"]
[Site "http://www.queenalice.com/game.php?id=1476831"]
[Date "2017.5.5"]
[Round "-"]
[White "zugzwangskie"]
[Black "leduar"]
[Result "0-1"]
[WhiteElo "2411"]
[BlackElo "2257"]

1. e4 e5 2. Nf3 Nc6 3. Bc4 Nf6 4. d3 d6 5. Ng5 d5 6. exd5 Nxd5 7. Nxf7 Kxf7 8.
Qf3+ Qf6 9. Bxd5+ Be6 10. Bxc6 bxc6 0-1

[Event "Challenge"]
[Site "http://www.queenalice.com/game.php?id=1476832"]
[Date "2017.5.5"]
[Round "-"]
[White "zugzwangskie"]
[Black "chessprm"]
[Result "1-0"]
[WhiteElo "2391"]
[BlackElo "2238"]

1. e4 e6 2. d4 d5 3. Nc3 Bb4 4. Ne2 dxe4 5. a3 Bxc3+ 6. Nxc3 Nf6 7. Bg5 Nbd7 8.
Nxe4 b6 9. Qf3 c6 10. Nd6+ Kf8 11. Qxc6 Rb8 12. Bd3 h6 13. Bd2 Bb7 14. Nxb7 Rxb7
15. Bb4+ Kg8 16. Qxb7 g6 17. Qxa7 Kg7 18. O-O Nd5 19. Bd6 g5 20. Rfe1 1-0

[Event "Challenge"]
[Site "http://www.queenalice.com/game.php?id=1476833"]
[Date "2017.5.5"]
[Round "-"]
[White "zugzwangskie"]
[Black "chessprm"]
[Result "0-1"]
[WhiteElo "2290"]
[BlackElo "2262"]

1. e4 c5 2. Nf3 d6 3. d4 cxd4 4. Nxd4 Nf6 5. Nc3 a6 6. Bg5 e6 7. f4 b5 8. e5
dxe5 9. fxe5 Qc7 10. exf6 Qe5+ 11. Be2 Qxg5 12. O-O Qe5 13. Kh1 Ra7 14. Nf3 Qxf6
15. Ne4 Qd8 16. Qxd8+ Kxd8 17. c4 f5 18. Rad1+ Ke8 19. Neg5 b4 20. Nd4 Ke7 21.
Bd3 Kf6 0-1

[Event "Challenge"]
[Site "http://www.queenalice.com/game.php?id=1476842"]
[Date "2017.5.5"]
[Round "-"]
[White "zugzwangskie"]
[Black "elcurazul"]
[Result "0-1"]
[WhiteElo "2195"]
[BlackElo "2423"]

1. e4 e5 2. Nf3 Nc6 3. Bc4 Nf6 4. d3 Bc5 5. O-O d6 6. c3 O-O 7. Bb3 Qe7 8. h3 h6
9. Re1 Bb6 10. Nbd2 Be6 11. Nc4 Rad8 12. Nxb6 Bxb3 13. axb3 axb6 0-1

[Event "AUTO-ELITE-1832"]
[Site "http://www.queenalice.com/game.php?id=1478424"]
[Date "2017.5.17"]
[Round "1"]
[White "zugzwangskie"]
[Black "Sexxy_Bunny"]
[Result "0-1"]
[WhiteElo "2253"]
[BlackElo "2710"]

1. e4 c5 2. Nf3 d6 3. d4 cxd4 4. Nxd4 Nf6 5. Nc3 a6 6. Be3 e5 7. Nb3 Be6 8. Qd2
Nbd7 9. f3 b5 10. O-O-O Be7 0-1

[Event "AUTO-ELITE-1832"]
[Site "http://www.queenalice.com/game.php?id=1478425"]
[Date "2017.5.17"]
[Round "1"]
[White "Sexxy_Bunny"]
[Black "zugzwangskie"]
[Result "1-0"]
[WhiteElo "2709"]
[BlackElo "2254"]

1. e4 c5 2. Nf3 d6 3. d4 cxd4 4. Nxd4 Nf6 5. Nc3 a6 6. Bg5 e6 7. f4 Be7 8. Qf3
Qc7 9. O-O-O Bd7 10. e5 dxe5 11. fxe5 Nd5 12. Bxe7 1-0